Statistics for 15 Largest Cities in Slovakia🇸🇰

Click here to take the quiz!

General Stats

  • This quiz has been taken 47 times
  • The average score is 11 of 15

Answer Stats

PopulationCity% Correct
423kBratislava
100%
236kKosice
98%
86kNitra
86%
94kPresov
81%
82kBanska Bystrica
79%
57kPoprad
79%
69kTrnava
79%
85kZilina
79%
60kMartin
77%
58kTrencin
77%
44kZvolen
60%
40kMichalovce
56%
42kNove Zamky
35%
52kPrievidza
35%
43kPovazska Bystrica
30%

Score Distribution

Percentile by Number Answered

Percent of People with Each Score

Your Score History

You have not taken this quiz